[Event "Bashkortostan-ch U18"]
[Site "Tuimazy"]
[Date "2020.02.27"]
[Round "6"]
[White "Bigalin, Ilnar"]
[Black "Gafarov, Damir"]
[Result "0-1"]
[WhiteElo "1827"]
[BlackElo "1950"]
[PlyCount "70"]
[EventDate "2020.02.24"]
[EventType "tourn"]
[EventRounds "9"]
[EventCountry "RUS"]
[SourceTitle "CBM 195 Extra"]
[Source "ChessBase"]
[SourceDate "2020.05.31"]
[SourceVersion "1"]
[SourceVersionDate "2020.05.31"]
[SourceQuality "1"]

1. e4 c5 2. Nf3 d6 3. d4 cxd4 4. Nxd4 Nf6 5. Nc3 a6 6. Be3 e6 7. f3 Nc6 8. Qd2 Be7 9. g4 0-0 10. 0-0-0 Nxd4 11. Bxd4 b5 12. h4 Bb7 13. Kb1 Nd7 14. g5 b4 15. Ne2 Qc7 16. Ng3 d5 17. Nh5 e5 18. Be3 d4 19. Bxd4 exd4 20. Qxd4 Qe5 21. Qf2 Nc5 22. b3 a5 23. Bc4 a4 24. Ng3 axb3 25. cxb3 Rxa2 26. Qxa2 Qxg3 27. Qe2 Qe5 28. Qb2 Qf4 29. Qe2 Ra8 30. Rd2 Nxe4 31. fxe4 Qxe4+ 32. Kb2 Qxh1 33. Qxe7 Qa1+ 34. Kc2 Qc3+ 35. Kd1 Ra1+ 0-1

[Event "Bashkortostan-ch"]
[Site "Tuimazy"]
[Date "2020.02.07"]
[Round "9"]
[White "Zemlyanov, Nikita Anatolievich"]
[Black "Bigalin, Ilnar"]
[Result "0-1"]
[WhiteElo "2023"]
[BlackElo "1827"]
[PlyCount "82"]
[EventDate "2020.01.26"]
[EventType "tourn"]
[EventRounds "11"]
[EventCountry "RUS"]
[SourceTitle "CBM 195 Extra"]
[Source "ChessBase"]
[SourceDate "2020.05.31"]
[SourceVersion "1"]
[SourceVersionDate "2020.05.31"]
[SourceQuality "1"]

1. d4 f5 2. c4 Nf6 3. Nc3 g6 4. g3 Bg7 5. Bg2 0-0 6. f4 d6 7. Nf3 Bd7 8. Qb3 Qc8 9. Ng5 c6 10. 0-0 h6 11. Nh3 Be6 12. d5 Bf7 13. Nf2 Nbd7 14. Qd1 cxd5 15. cxd5 Qc5 16. Na4 Qc4 17. b3 Qa6 18. Bb2 b5 19. Nc3 b4 20. Na4 Qb7 21. Qd4 Rfc8 22. Rac1 a5 23. Rc6 Nh5 24. Qc4 Nc5 25. Nxc5 Qxc6 26. dxc6 Bxc4 27. Bxg7 Kxg7 28. Nd7 Be6 29. Nb6 Nf6 30. Rc1 Rab8 31. Nxc8 Rxc8 32. e4 fxe4 33. Nxe4 Nd5 34. Kf2 Nb6 35. Nd2 Kf7 36. Nf3 Bd5 37. Nd4 Bxg2 38. Kxg2 Nd5 39. Nb5 Rb8 40. Na7 Nc7 41. f5 Ra8 0-1

[Event "Bashkortostan-ch"]
[Site "Tuimazy"]
[Date "2020.01.29"]
[Round "3"]
[White "Ardashirov, Rustam"]
[Black "Bigalin, Ilnar"]
[Result "0-1"]
[WhiteElo "1394"]
[BlackElo "1827"]
[PlyCount "104"]
[EventDate "2020.01.26"]
[EventType "tourn"]
[EventRounds "11"]
[EventCountry "RUS"]
[SourceTitle "CBM 195 Extra"]
[Source "ChessBase"]
[SourceDate "2020.05.31"]
[SourceVersion "1"]
[SourceVersionDate "2020.05.31"]
[SourceQuality "1"]

1. e4 c5 2. Nf3 d6 3. d4 cxd4 4. Nxd4 Nf6 5. Nc3 a6 6. Be3 e5 7. Nf3 Be7 8. Bc4 0-0 9. h3 b5 10. Bd5 b4 11. Ne2 Nxd5 12. Qxd5 Be6 13. Qxa8 Qa5 14. 0-0 Qb5 15. Qa7 Nd7 16. Ned4 exd4 17. Nxd4 Qc4 18. Nf5 Bf6 19. Nxd6 Qc6 20. Rad1 Bxb2 21. Qb7 Qxc2 22. Qxb4 Bf6 23. Bd4 Rb8 24. Qd2 Qc6 25. Bxf6 Nxf6 26. Rb1 Rd8 27. Rfc1 Qa4 28. e5 Ne8 29. Rb7 Nxd6 30. Qxd6 Re8 31. a3 h6 32. Rcc7 Qe4 33. Qb4 Qxe5 34. Qd2 Qa1+ 35. Kh2 Qxa3 36. Ra7 Qa1 37. Rc6 Qe5+ 38. f4 Qf5 39. Rcxa6 Kh7 40. Ra5 Qf6 41. R5a6 Rd8 42. Rd6 Rb8 43. Rc7 Rb2 44. Rc2 Rb3 45. Rc5 g6 46. Qf2 Rb4 47. f5 gxf5 48. g4 Rb2 49. Rc2 Rxc2 50. Qxc2 Qe5+ 51. Kg1 Qxd6 52. gxf5 Qg3+ 0-1

[Event "Tuimazy-ch U18"]
[Site "Tuimazy"]
[Date "2019.03.05"]
[Round "9"]
[White "Farkhutdinov, Danil"]
[Black "Bigalin, Ilnar"]
[Result "0-1"]
[WhiteElo "1367"]
[BlackElo "1827"]
[PlyCount "94"]
[EventDate "2019.03.01"]
[EventType "tourn"]
[EventRounds "11"]
[EventCountry "RUS"]
[SourceTitle "EXT 2022"]
[Source "ChessBase"]
[SourceDate "2021.10.06"]
[SourceVersion "1"]
[SourceVersionDate "2021.10.06"]
[SourceQuality "1"]

1. e4 c6 2. d4 d5 3. exd5 cxd5 4. Nf3 Nc6 5. Bd3 Bg4 6. Bf4 Nxd4 7. Nbd2 Nxf3+ 8. Nxf3 a6 9. c3 Nf6 10. Qa4+ Qd7 11. Qxd7+ Nxd7 12. Ne5 Nxe5 13. Bxe5 e6 14. f3 Bh5 15. 0-0-0 f6 16. Bg3 Kf7 17. Rhe1 Bc5 18. Re2 Bg6 19. Bxg6+ hxg6 20. Rde1 Rhe8 21. b4 Bb6 22. Bf2 Bc7 23. Bg3 Bxg3 24. hxg3 Rac8 25. Kb2 Rc6 26. Rh1 Rec8 27. Re3 d4 28. cxd4 Rc2+ 29. Kb3 Rxg2 30. Rhe1 Rxg3 31. d5 e5 32. d6 Ke6 33. Rd1 Rd8 34. Red3 Rd7 35. Ka4 Rg2 36. a3 Rc2 37. Ka5 Rc6 38. a4 Rcxd6 39. Rxd6+ Rxd6 40. Rxd6+ Kxd6 41. Kb6 e4 42. fxe4 g5 43. Kxb7 g4 44. a5 g3 45. b5 g2 46. Kxa6 g1Q 47. b6 Kc6 0-1

[Event "Tuimazy-ch U18"]
[Site "Tuimazy"]
[Date "2019.03.04"]
[Round "8"]
[White "Bigalin, Ilnar"]
[Black "Gafarov, Damir"]
[Result "0-1"]
[WhiteElo "1827"]
[BlackElo "2005"]
[PlyCount "93"]
[EventDate "2019.03.01"]
[EventType "tourn"]
[EventRounds "11"]
[EventCountry "RUS"]
[SourceTitle "EXT 2022"]
[Source "ChessBase"]
[SourceDate "2021.10.06"]
[SourceVersion "1"]
[SourceVersionDate "2021.10.06"]
[SourceQuality "1"]

1. e4 c5 2. Nf3 Nc6 3. d4 cxd4 4. Nxd4 g6 5. Nc3 Bg7 6. Be3 Nf6 7. Bc4 0-0 8. Bb3 Re8 9. f3 e6 10. Nxc6 bxc6 11. e5 Nd5 12. Bd4 Qc7 13. Qe2 a5 14. Na4 Rb8 15. c4 Nb4 16. Rd1 Na6 17. f4 c5 18. Be3 Bb7 19. Qf2 Bc6 20. Nc3 Rb4 21. Rd2 a4 22. Bd1 Qa5 23. 0-0 Rxc4 24. a3 Rxc3 25. bxc3 Qxc3 26. Be2 Nc7 27. Rd3 Qb2 28. Bc1 Qc2 29. Rd2 Qc3 30. Qg3 Qa5 31. Rc2 Nd5 32. Be3 Nxe3 33. Qxe3 Bf8 34. Bc4 d5 35. exd6 Bxd6 36. Rd1 Bf8 37. Ba2 Rb8 38. Qe5 Rd8 39. Qe2 Bg7 40. Rxd8+ Qxd8 41. Rd2 Bd4+ 42. Kh1 Qd6 43. Qg4 Kg7 44. h3 Qb8 45. Re2 Qb5 46. Kh2 h5 47. Qxe6 0-1

[Event "Tuimazy-ch"]
[Site "Tuimazy"]
[Date "2019.02.10"]
[Round "9"]
[White "Sakhabutdinov, Dinar"]
[Black "Bigalin, Ilnar"]
[Result "0-1"]
[WhiteElo "1422"]
[BlackElo "1746"]
[PlyCount "78"]
[EventDate "2019.01.27"]
[EventType "tourn"]
[EventRounds "11"]
[EventCountry "RUS"]
[SourceTitle "CBM 189 Extra"]
[Source "ChessBase"]
[SourceDate "2019.05.31"]
[SourceVersion "1"]
[SourceVersionDate "2019.05.31"]
[SourceQuality "1"]

1. Nf3 d5 2. g3 Nf6 3. Bg2 Bf5 4. d3 e6 5. Bd2 h6 6. c4 c6 7. 0-0 Bd6 8. cxd5 cxd5 9. Nc3 Nc6 10. Qb3 Qd7 11. Rac1 0-0 12. Rc2 Bg4 13. Rfc1 Bxf3 14. Bxf3 Nd4 15. Qa4 Qxa4 16. Nxa4 Nxc2 17. Rxc2 Rac8 18. Rxc8 Rxc8 19. Nc3 a6 20. e3 b5 21. Bd1 e5 22. Ne2 Nd7 23. d4 e4 24. b3 Nb8 25. Nf4 Bxf4 26. gxf4 Nc6 27. Kf1 b4 28. Ke1 a5 29. f3 Ne7 30. Ke2 exf3+ 31. Kxf3 f5 32. Ke2 Kf7 33. Kd3 Ng8 34. Bf3 Nf6 35. h3 Ne4 36. Bg2 Ke6 37. Bf3 g5 38. fxg5 hxg5 39. Be2 Nf2# 0-1

[Event "Tuimazy-ch Men"]
[Site "Tuimazy"]
[Date "2017.02.08"]
[Round "10"]
[White "Bigalin, Ilnar"]
[Black "Azhbiev, Usman"]
[Result "0-1"]
[WhiteElo "1606"]
[BlackElo "1485"]
[PlyCount "116"]
[EventDate "2017.01.24"]
[EventType "tourn"]
[EventRounds "11"]
[EventCountry "RUS"]
[SourceTitle "EXT 2022"]
[Source "ChessBase"]
[SourceDate "2021.10.06"]
[SourceVersion "1"]
[SourceVersionDate "2021.10.06"]
[SourceQuality "1"]

1. e4 e5 2. Nf3 d6 3. d4 exd4 4. Nxd4 Nf6 5. Nc3 Be7 6. Be3 c6 7. f3 a6 8. Qd2 0-0 9. 0-0-0 b5 10. Nb3 Be6 11. g4 Bxb3 12. axb3 a5 13. g5 Ne8 14. h4 a4 15. Qd4 axb3 16. cxb3 Ra1+ 17. Kc2 Rxd1 18. Qxd1 Na6 19. Kd2 Nb4 20. Bh3 d5 21. Ke2 Nc7 22. e5 Ne6 23. Bc1 d4 24. Ne4 Qd5 25. h5 Qxe5 26. g6 fxg6 27. hxg6 d3+ 28. Ke1 Bh4+ 29. Kf1 Qxe4 30. Bxe6+ Qxe6 31. gxh7+ Kh8 32. Rxh4 Qd6 33. Kf2 Re8 34. Re4 Rxe4 35. fxe4 Qd4+ 36. Be3 Qxe4 37. Qh5 Nd5 38. Bg5 Qf5+ 39. Ke1 Qe5+ 40. Kd1 Ne3+ 41. Kc1 Nf1 42. Qg4 Qe1+ 43. Qd1 Qxd1+ 44. Kxd1 Ng3 45. Be3 Ne4 46. b4 Kxh7 47. b3 Kg6 48. Ke1 Kf5 49. Kf1 Kg4 50. Ke1 Kf3 51. Bd4 g5 52. Kd1 g4 53. Ke1 g3 54. Kd1 g2 55. Ke1 d2+ 56. Kd1 Nf2+ 57. Bxf2 Kxf2 58. Kxd2 g1Q 0-1

[Event "Tuimazy-ch Men"]
[Site "Tuimazy"]
[Date "2017.01.31"]
[Round "3"]
[White "Bigalin, Ilnar"]
[Black "Evstafyev, Georgy"]
[Result "1/2-1/2"]
[WhiteElo "1606"]
[BlackElo "1452"]
[PlyCount "127"]
[EventDate "2017.01.24"]
[EventType "tourn"]
[EventRounds "11"]
[EventCountry "RUS"]
[SourceTitle "EXT 2022"]
[Source "ChessBase"]
[SourceDate "2021.10.06"]
[SourceVersion "1"]
[SourceVersionDate "2021.10.06"]
[SourceQuality "1"]

1. e4 c6 2. d4 d5 3. Nc3 dxe4 4. Nxe4 Bf5 5. Ng3 Bg6 6. Nf3 Nd7 7. c3 e6 8. Bd3 Bxd3 9. Qxd3 Ngf6 10. 0-0 Be7 11. Bg5 0-0 12. Rad1 Qc7 13. Rfe1 Rfd8 14. Qc2 h6 15. Bxf6 Nxf6 16. Ne5 Nd5 17. Qe4 Qb6 18. Re2 Nf6 19. Qc2 Rd5 20. Nc4 Qc7 21. Ne3 Rd7 22. Ree1 Rad8 23. Qb3 Nd5 24. Nxd5 Rxd5 25. Qc2 R8d7 26. Nf1 Rd8 27. Ne3 R5d7 28. g3 Qd6 29. b3 Bf6 30. Kg2 b6 31. Kg1 c5 32. dxc5 Qxc5 33. c4 Bd4 34. Rd3 Qa5 35. Kf1 Qh5 36. Kg2 Qg6 37. Qd1 e5 38. Nd5 Qc6 39. f3 b5 40. Nb4 Qc5 41. Nc2 bxc4 42. bxc4 Qxc4 43. a3 Rb8 44. Nxd4 Rb2+ 45. Re2 Rxe2+ 46. Qxe2 Rxd4 47. Rd2 Qxe2+ 48. Rxe2 f6 49. Rb2 Ra4 50. Rb3 Kf7 51. Kf2 Ke6 52. Rd3 Rd4 53. Rb3 Rd2+ 54. Kg1 g5 55. h3 Ra2 56. Rd3 Ke7 57. g4 Ra1+ 58. Kg2 Ra2+ 59. Kg3 Ke6 60. h4 Ke7 61. hxg5 hxg5 62. Kh3 Ke6 63. Kg3 Ra1 64. Kh3 1/2-1/2

[Event "Tuimazy Cup Tuimazy-B op"]
[Site "Tuimazy"]
[Date "2016.09.17"]
[Round "1"]
[White "Bigalin, Ilnar"]
[Black "Fakhrtdinov, Elvir"]
[Result "1-0"]
[WhiteElo "1518"]
[BlackElo "1457"]
[PlyCount "59"]
[EventDate "2016.09.17"]
[EventType "swiss"]
[EventRounds "7"]
[EventCountry "RUS"]
[SourceTitle "EXT 2022"]
[Source "ChessBase"]
[SourceDate "2021.10.06"]
[SourceVersion "1"]
[SourceVersionDate "2021.10.06"]
[SourceQuality "1"]

1. e4 e5 2. Nf3 Nf6 3. Nc3 Bb4 4. d3 Nc6 5. Be2 0-0 6. Bg5 Qe7 7. a3 Ba5 8. 0-0 Bxc3 9. bxc3 Qe6 10. Nd2 h6 11. Bh4 b6 12. Nc4 Bb7 13. Ne3 Ne7 14. Ng4 Kh7 15. Nxf6+ gxf6 16. Bg4 Qc6 17. Qf3 Rg8 18. Bxf6 Rxg4 19. Bxe7 Rf4 20. Qh3 Rg8 21. c4 a5 22. g3 f6 23. Kh1 Rg7 24. gxf4 Rxe7 25. Qf5+ Kh8 26. f3 Qe6 27. Qg6 exf4 28. Qxh6+ Kg8 29. Rg1+ Kf7 30. Rg7+ 1-0

[Event "Chishmy Cup 08 B"]
[Site "Chishmy"]
[Date "2016.08.10"]
[Round "7"]
[White "Fakhrtdinov, Elvir"]
[Black "Bigalin, Ilnar"]
[Result "0-1"]
[WhiteElo "1410"]
[BlackElo "1422"]
[PlyCount "80"]
[EventDate "2016.08.06"]
[EventType "tourn"]
[EventRounds "9"]
[EventCountry "RUS"]
[SourceTitle "EXT 2022"]
[Source "ChessBase"]
[SourceDate "2021.10.06"]
[SourceVersion "1"]
[SourceVersionDate "2021.10.06"]
[SourceQuality "1"]

1. e4 e5 2. Nf3 Nc6 3. Nc3 Bc5 4. Nxe5 Nxe5 5. d4 Bd6 6. dxe5 Bxe5 7. Bc4 Nf6 8. f4 Bxc3+ 9. bxc3 Nxe4 10. Qd5 0-0 11. 0-0 Nf6 12. Qd3 d5 13. Bb3 c6 14. f5 Re8 15. Qg3 Ne4 16. Qg4 Qb6+ 17. Kh1 Nf2+ 18. Rxf2 Qxf2 19. h3 Bxf5 20. Qd4 Qxd4 21. cxd4 Re1+ 22. Kh2 Rae8 23. Bb2 Rxa1 24. Bxa1 Re2 25. c4 Be4 26. Kg3 Rxg2+ 27. Kf4 f6 28. Bc3 g5+ 29. Ke3 Rg3+ 30. Kd2 Rd3+ 31. Kc2 Rxh3+ 32. Kb2 Rd3 33. cxd5 cxd5 34. Bc2 Re3 35. Bd1 Bf3 36. Bd2 Rd3 37. Kc2 Be4 38. Kc1 h6 39. Bb4 Rxd4 40. Bc3 Rc4 0-1

[Event "Chishmy Cup 08 B"]
[Site "Chishmy"]
[Date "2016.08.09"]
[Round "6"]
[White "Bigalin, Ilnar"]
[Black "Baiburin, Daniil"]
[Result "1-0"]
[WhiteElo "1422"]
[BlackElo "1292"]
[PlyCount "27"]
[EventDate "2016.08.06"]
[EventType "tourn"]
[EventRounds "9"]
[EventCountry "RUS"]
[SourceTitle "EXT 2022"]
[Source "ChessBase"]
[SourceDate "2021.10.06"]
[SourceVersion "1"]
[SourceVersionDate "2021.10.06"]
[SourceQuality "1"]

1. e4 e5 2. Nf3 Nc6 3. Bc4 Bc5 4. d3 h6 5. Be3 Bb6 6. Qd2 Nf6 7. Nc3 d6 8. 0-0-0 Bg4 9. h3 Bxf3 10. gxf3 Nd4 11. Bxd4 Bxd4 12. Rhg1 0-0 13. Qxh6 g6 14. Rxg6# 1-0

[Event "Chishmy Cup 08 B"]
[Site "Chishmy"]
[Date "2016.08.08"]
[Round "4"]
[White "Kuzmenko, Anastasia"]
[Black "Bigalin, Ilnar"]
[Result "0-1"]
[WhiteElo "1009"]
[BlackElo "1422"]
[PlyCount "72"]
[EventDate "2016.08.06"]
[EventType "tourn"]
[EventRounds "9"]
[EventCountry "RUS"]
[SourceTitle "EXT 2022"]
[Source "ChessBase"]
[SourceDate "2021.10.06"]
[SourceVersion "1"]
[SourceVersionDate "2021.10.06"]
[SourceQuality "1"]

1. e4 e5 2. Nf3 Nc6 3. Bc4 Bc5 4. Nc3 Nf6 5. d3 d6 6. Bg5 h6 7. Bh4 Be6 8. Bb3 a6 9. h3 g5 10. Bg3 Qd7 11. Qe2 0-0-0 12. 0-0-0 Nh5 13. Nd2 Nf4 14. Bxf4 gxf4 15. Nf3 Rhg8 16. Rhg1 Rg7 17. Nd2 Nd4 18. Qf1 Rdg8 19. Kb1 f3 20. Nxf3 Nxf3 21. Rh1 Rxg2 22. Qe2 Rxf2 23. Qxf2 Bxf2 24. Rhf1 Rg2 25. Bxe6 Qxe6 26. b3 Qxh3 27. Rh1 Rh2 28. Rhf1 Bd4 29. Kb2 Qg4 30. b4 h5 31. Kb3 Bxc3 32. Kxc3 h4 33. Kb2 Qg2 34. Ka3 Qxc2 35. Ra1 b5 36. Rfc1 Qb2# 0-1

[Event "Tuimazy-ch U18"]
[Site "Tuimazy"]
[Date "2016.03.09"]
[Round "2"]
[White "Farkhutdinov, Danil"]
[Black "Bigalin, Ilnar"]
[Result "0-1"]
[WhiteElo "1338"]
[BlackElo "1531"]
[PlyCount "120"]
[EventDate "2016.03.09"]
[EventType "swiss"]
[EventRounds "9"]
[EventCountry "RUS"]
[SourceTitle "EXT 2022"]
[Source "ChessBase"]
[SourceDate "2021.10.06"]
[SourceVersion "1"]
[SourceVersionDate "2021.10.06"]
[SourceQuality "1"]

1. e4 e5 2. Nf3 Nc6 3. Bc4 Bc5 4. d3 Nf6 5. Be3 Bb6 6. Nc3 d6 7. h3 Be6 8. Bb3 Qd7 9. Ng5 h6 10. Nxe6 fxe6 11. Qf3 0-0-0 12. Bxb6 axb6 13. Ba4 d5 14. Bxc6 Qxc6 15. exd5 exd5 16. Qe2 d4 17. Ne4 Kb8 18. Rc1 Nd5 19. c3 Nf4 20. Qf3 dxc3 21. Rxc3 Qd5 22. Kd2 Qxa2 23. Kc2 Qa4+ 24. Kd2 Qb4 25. Kc2 Qa4+ 26. Kd2 Rd7 27. g3 Nd5 28. Rc4 Qb3 29. Kc1 Nb4 30. Rc3 Na2+ 31. Kd2 Nxc3 32. bxc3 Qb2+ 33. Ke3 Rhd8 34. Rd1 Qc2 35. Qe2 Qxe2+ 36. Kxe2 c5 37. c4 Kc7 38. Nc3 Ra8 39. Nd5+ Kc6 40. Rb1 b5 41. Rxb5 Rxd5 42. Rb2 Rd4 43. Ke3 Ra3 44. Rd2 Rb3 45. f3 b5 46. cxb5+ Kxb5 47. Ke2 Kb4 48. g4 Kc3 49. Ke3 c4 50. f4 exf4+ 51. Ke2 Rb2 52. Rxb2 Kxb2 53. dxc4 Rxc4 54. Kf3 g5 55. h4 Rc3+ 56. Ke4 f3 57. hxg5 hxg5 58. Kf5 f2 59. Kxg5 f1Q 60. Kh5 Qh3+ 0-1

[Event "Tuimazy-ch U14"]
[Site "Tuimazy"]
[Date "2016.03.06"]
[Round "12"]
[White "Khakimov, Marat"]
[Black "Bigalin, Ilnar"]
[Result "0-1"]
[WhiteElo "1470"]
[BlackElo "1531"]
[PlyCount "26"]
[EventDate "2016.03.01"]
[EventType "tourn"]
[EventRounds "15"]
[EventCountry "RUS"]
[SourceTitle "EXT 2022"]
[Source "ChessBase"]
[SourceDate "2021.10.06"]
[SourceVersion "1"]
[SourceVersionDate "2021.10.06"]
[SourceQuality "1"]

1. e4 e5 2. Nf3 Nc6 3. Nc3 Bc5 4. Bc4 Nf6 5. d3 d6 6. Bg5 Bg4 7. Bxf6 Qxf6 8. Nd5 Qd8 9. 0-0 Nd4 10. h3 Nxf3+ 11. gxf3 Bxh3 12. Re1 Qg5+ 13. Kh2 Qg2# 0-1

[Event "Tuimazy-ch U14"]
[Site "Tuimazy"]
[Date "2016.03.05"]
[Round "10"]
[White "Makhmutov, Azamat"]
[Black "Bigalin, Ilnar"]
[Result "1-0"]
[WhiteElo "1404"]
[BlackElo "1531"]
[PlyCount "85"]
[EventDate "2016.03.01"]
[EventType "tourn"]
[EventRounds "15"]
[EventCountry "RUS"]
[SourceTitle "EXT 2022"]
[Source "ChessBase"]
[SourceDate "2021.10.06"]
[SourceVersion "1"]
[SourceVersionDate "2021.10.06"]
[SourceQuality "1"]

1. d4 d5 2. c4 c6 3. cxd5 cxd5 4. Nc3 Nf6 5. Bg5 e6 6. e3 h6 7. Bh4 Bb4 8. Nge2 0-0 9. a3 Be7 10. Bxf6 Bxf6 11. Ng3 Nc6 12. Bd3 Bd7 13. 0-0 Rc8 14. Qd2 Na5 15. Qe2 Nc4 16. Bxc4 Rxc4 17. Rac1 Qb6 18. Qd2 Rfc8 19. Nce2 Qb3 20. Rxc4 Rxc4 21. Nc3 Be7 22. Rc1 Bc6 23. Qc2 Qxc2 24. Rxc2 b5 25. b3 Rxc3 26. Rxc3 Be8 27. b4 f6 28. Rc7 Kf8 29. Rxa7 g5 30. Ne2 Bd6 31. Nc3 Be7 32. Rb7 h5 33. Nxb5 f5 34. Nc7 Bc6 35. Rb6 Bd7 36. Nxe6+ Kf7 37. Nc5 Be8 38. a4 g4 39. a5 h4 40. a6 Bd8 41. Rb7+ Kf8 42. a7 Bc6 43. a8Q 1-0